<?xml version="1.0" encoding="UTF-8"?>
<record
    xmlns:xsi="http://www.w3.org/2001/XMLSchema-instance"
    xsi:schemaLocation="http://www.loc.gov/MARC21/slim http://www.loc.gov/standards/marcxml/schema/MARC21slim.xsd"
    xmlns="http://www.loc.gov/MARC21/slim">

  <leader>00337nam a22001217a 4500</leader>
  <datafield tag="040" ind1=" " ind2=" ">
    <subfield code="c">HS</subfield>
  </datafield>
  <datafield tag="082" ind1=" " ind2=" ">
    <subfield code="a">634</subfield>
  </datafield>
  <datafield tag="100" ind1=" " ind2=" ">
    <subfield code="a">&#x200B;&#x179C;&#x1793;&#x200B; &#x1798;&#x17BB;&#x1793;&#x17B7;&#x1793;&#x17D2;&#x1791;</subfield>
  </datafield>
  <datafield tag="245" ind1=" " ind2=" ">
    <subfield code="a">Forestry english : &#x1797;&#x17B6;&#x179F;&#x17B6;&#x17A2;&#x1784;&#x17CB;&#x1782;&#x17D2;&#x179B;&#x17C1;&#x179F;&#x1796;&#x17D2;&#x179A;&#x17C3;&#x1788;&#x17BE;</subfield>
  </datafield>
  <datafield tag="260" ind1=" " ind2=" ">
    <subfield code="a">RUA</subfield>
    <subfield code="b">&#x200B;&#x179C;&#x1793;&#x200B; &#x1798;&#x17BB;&#x1793;&#x17B7;&#x1793;&#x17D2;&#x1791;</subfield>
    <subfield code="c">2008</subfield>
  </datafield>
  <datafield tag="300" ind1=" " ind2=" ">
    <subfield code="a">23p;</subfield>
  </datafield>
  <datafield tag="942" ind1=" " ind2=" ">
    <subfield code="c">KB</subfield>
  </datafield>
  <datafield tag="999" ind1=" " ind2=" ">
    <subfield code="c">10179</subfield>
    <subfield code="d">10179</subfield>
  </datafield>
  <datafield tag="952" ind1=" " ind2=" ">
    <subfield code="0">0</subfield>
    <subfield code="1">0</subfield>
    <subfield code="4">0</subfield>
    <subfield code="6">634_000000000000000_&#x179C;&#x1793;_2008_C016_OR</subfield>
    <subfield code="7">0</subfield>
    <subfield code="9">52608</subfield>
    <subfield code="a">LBC</subfield>
    <subfield code="b">LBC</subfield>
    <subfield code="c">C016</subfield>
    <subfield code="d">2016-09-21</subfield>
    <subfield code="o">634 &#x200B;&#x179C;&#x1793;&#x200B; 2008 C016 Or</subfield>
    <subfield code="p">RUA061508</subfield>
    <subfield code="r">2016-09-21</subfield>
    <subfield code="y">KB</subfield>
  </datafield>
  <datafield tag="952" ind1=" " ind2=" ">
    <subfield code="0">0</subfield>
    <subfield code="1">0</subfield>
    <subfield code="4">0</subfield>
    <subfield code="6">634_000000000000000_&#x179C;&#x1793;_2008</subfield>
    <subfield code="7">0</subfield>
    <subfield code="9">52609</subfield>
    <subfield code="a">LBC</subfield>
    <subfield code="b">LBC</subfield>
    <subfield code="d">2016-09-21</subfield>
    <subfield code="o">634 &#x200B;&#x179C;&#x1793;&#x200B; 2008</subfield>
    <subfield code="p">RUA055957</subfield>
    <subfield code="r">2016-09-21</subfield>
    <subfield code="w">2016-09-21</subfield>
    <subfield code="y">KB</subfield>
  </datafield>
</record>
